000 00702nam a2200217Ia 4500
003 GCL
008 140319s9999 xx 000 0 ara d
020 _a7004009957
040 _aGCL /
_cGCL
082 0 4 _a576.5
_bع م
100 1 _aعائدة وصفى عبدالهادى
245 1 0 _aمقدمة فى علم الوراثة /
_cعائدة وصفى عبدالهادى
250 _aالاولى
260 _aالاردن :
_bدار الشروق ،
_c1998
300 _a320 ص ؛
_c24 سم
650 0 4 _aالوراثة
650 0 4 _aالهندسة الوراثية
650 0 4 _aالكروموسومات - علم الوراثة
650 0 4 _aالوراثة - قوانين
942 _2ddc
_cBK
999 _c10126
_d10126